000 01101nam a22003617a 4500
001 BR2012006309
003 BR-BrBNA
005 20230928104048.0
007 ta
008 230509b bl.||||| |||| 00| 0 por d
040 _aBR-BrBNA
_bpor
_cBiblioteca Nacional de Agricultura
041 _a(Por)
072 _aE14
_b0600
090 _ 0600 BR2012006309
100 1 _aOliveira, R.S. de (org.)
110 1 _aMinistério da Agricultura, Brasília, DF (Brasil). Secretaria de Desenvolvimento Rural
_97236
110 1 _aIICA, Brasília, DF (Brasil)
_95552
245 1 _aProjeto de cooperação técnica MA/SDR/IICA, fruticultura irrigada no Nordeste
_bVersão Preliminar
260 3 _aBrasília, DF (Brasil):
_c1998.
300 _av. 1-2
650 _aPROJETO DE DESENVOLVIMENTO
650 _aFRUTICULTURA
650 _aNORDESTE
650 _aMINAS GERAIS
650 _aMERCADO
650 _aRECURSO HÍDRICO
650 _aTELECOMUNICAÇÃO
650 _aENERGIA ELÉTRICA
650 _aLOGÍSTICA
650 _aTRANSPORTE
909 _a202309
_bLucia
_c55
_dLucia Elande
942 _cBK
999 _c77933
_d77933